Totta vai tarua? - Maantiede #4 - Statistics

Yleistilastot
  • Tätä visaa on pelattu 787 kertaa
  • Keskiarvotulos 13 / 18
Vastaustilastot
Kysymys Vastaus % Oikein
Euroopassa ei ole aktiivisia tulivuoria Tarua
99%
Intiassa on yli miljardi asukasta Totta
96%
Afrikassa elää enemmän ihmisiä kuin Euroopassa Totta
93%
Norja on öljyn vientimaa Totta
89%
Ranska on pinta-alaltaan suurempi kuin Algeria Tarua
86%
Euroopassa ei ole muslimienemmistöisiä valtioita Tarua
86%
Oman on monarkia Totta
78%
Iranissa on enemmän šiialaisia kuin missään muussa valtiossa Totta
78%
Tunisia on Afrikan pohjoisin valtio Totta
78%
Brasilia sijaitsee 100-prosenttisesti läntisellä pallonpuoliskolla Totta
75%
Uusi-Seelanti on lähimpänä Australiaa sijaitseva valtio Tarua
74%
Taiwan on Yhdistyneiden kansakuntien jäsen Tarua
71%
Etelämantereella on kotoperäisiä puulajeja Tarua
71%
Galápagossaaret kuuluvat Chilelle Tarua
61%
Maryland sijaitsee Chesapeakenlahdella Totta
61%
Bermuda sijaitsee Karibianmerellä Tarua
35%
Miami sijaitsee Meksikonlahdella Tarua
35%
Maine on Yhdysvaltain pohjoisin osavaltio Alaskaa lukuun ottamatta Tarua
26%
Ehtoja vastaavia visoja ei löytynyt
Tulosjakauma
Jokaisen tuloksen saaneiden osuus
Persentiili vastausten määrän mukaan
Tuloshistoriasi
Et ole pelannut tätä visaa